| 000 | 01500nam a22004097a 4500 | ||
|---|---|---|---|
| 003 | CHAP | ||
| 005 | 20220817044233.0 | ||
| 008 | 081118s2004 mx a r 00010 spa d | ||
| 010 | _a95397 | ||
| 011 | _a96369 | ||
| 020 | _a9688385816 | ||
| 035 | _a107021 | ||
| 040 | _cCHAP | ||
| 090 | _aFolleto 17384 | ||
| 100 | 0 | 0 |
_aHernández Licona, Gonzalo. _954216 |
| 245 | 1 | 0 |
_aLo que dicen los pobres : _bevaluación del impacto de los programas sociales sobre la percepción de los beneficiarios _c/por Gonzalo Hernández Licona y Lilia Marcela del Razo Martínez |
| 260 |
_aMéxico : _bSEDESOL, _c2004 |
||
| 300 |
_a43 p. : _bgráf., tablas |
||
| 490 | 0 |
_aDocumentos de investigación _v; 14 |
|
| 590 |
_aBATCH-UPD _b10 _c20130110 _lUCH01 _h0547 |
||
| 590 |
_aBATCH-UPD _b10 _c20130110 _lUCH01 _h2346 |
||
| 590 |
_aBATCH-UPD _b10 _c20130410 _lUCH01 _h0229 |
||
| 590 |
_aBATCH-UPD _b10 _c20130410 _lUCH01 _h1634 |
||
| 590 |
_aBATCH-UPD _b10 _c20130914 _lUCH01 _h0626 |
||
| 590 |
_aBATCH-UPD _b10 _c20130914 _lUCH01 _h2144 |
||
| 590 |
_aCONVERSION _b10 _c20130109 _lUCH01 _h1353 |
||
| 650 | 1 | 4 |
_aBienestar social. _912635 |
| 650 | 1 | 4 |
_aCambio social. _917787 |
| 650 | 1 | 4 |
_aPobreza. _989463 |
| 650 | 1 | 4 |
_aPolítica social. _990696 |
| 700 | 0 |
_aRazo Martínez, Lilia Marcela del. _994894 |
|
| 710 | 0 | _aMéxico. Secretaría de Desarrollo Social. | |
| 830 | 0 |
_aDocumentos de investigación _v; 14 |
|
| 901 | _aBK | ||
| 942 | _cFOLL | ||
| 949 |
_aFolleto 17384 _bBC _cFOLL _d33724002078991 _eTS1 _gDonaciØn _i107021 _sb |
||
| 999 |
_c95397 _d95397 |
||